Kapitoly z marketingového výskumu

Bibliographic Details
Main Author: Richterová, Kornélia, 1942-2016 (Author)
Format: Book
Language:Slovak
PhysicalDescription:242 s. 20 cm
Published: Bratislava Ekonóm 1999
ISBN:8022509663
Edition:1. vyd. - dotlač
Subjects:

MARC

LEADER 00000nam a2200000 a 4500
001 vtls001379688
003 SK-MaSNL
005 20260323084056.0
008 240509s1999 xo a r slo
020 |a 8022509663  |c 98,00 
035 |a SNK000333665 
035 |a urn:nbn:sk:snk-amk4op 
035 |a urn:nbn:sk:snk-am00585s 
035 |a A2B999D5-C11D-4B79-9061-A82445F310E2 
040 |a SNK  |b slo  |c SNK  |e AACR2 
041 0 |a slo 
044 |a xo  |c SK 
080 |a 658.8.012.1(075.8)  |2 1981 
245 0 0 |a Kapitoly z marketingového výskumu  |c [autori] Kornélia Richterová a kolektív 
250 |a 1. vyd. - dotlač 
260 |a Bratislava  |b Ekonóm  |c 1999 
300 |a 242 s.  |c 20 cm 
500 |a Vyd. Ekonomická univerzita v Bratislave 
650 0 7 |a marketing  |x výskum  |x metódy  |2 SNK  |9 524253 
655 7 |a Textbooks (higher)  |2 SNKPHeng  |9 276436 
655 7 |a učebnice vysokých škôl  |2 SNKPH  |9 70191 
700 1 |a Richterová, Kornélia,  |d 1942-2016  |4 aut  |9 201910 
919 |a 80-225-0966-3 
958 |a OND 
999 |c 809094  |d 811024 
952 |t P60, <03>, [BOOK], {603}  |a SNK  |b SNK  |y PREZ  |7 0  |p 17A0222686  |o snkSC 100402  |i snkK 1279/99  |0 0  |1 0  |4 0  |d 2000-06-20  |f 1  |l 0  |r 2025-09-19 00:00:00  |w 2026-02-24